000 00328nam a22001337a 4500
008 170130b xxu||||| |||| 00| 0 eng d
020 _a9780077390600
041 _aeng
080 _27TH
_a61
100 _a3
101 _aSHMI
245 _aCOMPUTERS IN THE MEDICAL OFFICE/ INSTRUCTOR'S MANUAL
_cSANDERSON, S.M
942 _2udc
_cBK
999 _c3978
_d3978